000
00323nam a2200121Ia 4500
008
240126s9999 xx 000 0 und d
041
_a
English
245
0
_a
Journal of IMIS Pratibimba
260
_b
Institute of Mangement & Information Science
_a
Bhubaneswar
440
_a
NULL
650
_a
IMIS,Pratibimba
942
_c
JN
999
_c
263318
_d
263318